Statistiken für Schnelle Mathematik - Quadratzahlen Level 07

Klicken Sie hier um das Quiz zu spielen!

Allgemein

  • Dieses Quiz wurde 66 mal gespielt
  • Das Durchschnittsergebnis liegt bei 16 aus 25

Antwortstatistiken

HintAntwort% Korrekt
1
100%
16
100%
25
100%
36
100%
4
100%
49
100%
64
100%
9
100%
10²100
94%
81
94%
11²121
89%
12²144
72%
13²169
72%
15²225
61%
14²196
50%
16²256
44%
17²289
44%
18²324
44%
19²361
28%
20²400
28%
21²441
17%
22²484
17%
23²529
17%
25²625
17%
24²576
6%

Verteilung der Resultate

Perzentil nach korrekt beantworteten Fragen

Anzahl Personen mit jedem Resultat

Ihre Resultats-Entwicklung

Sie haben dieses Quiz noch nicht gespielt